<?xml version="1.0" encoding="UTF-8"?>
<record
    xmlns:xsi="http://www.w3.org/2001/XMLSchema-instance"
    xsi:schemaLocation="http://www.loc.gov/MARC21/slim http://www.loc.gov/standards/marcxml/schema/MARC21slim.xsd"
    xmlns="http://www.loc.gov/MARC21/slim">

  <leader>00728nam a2200193 i 4500</leader>
  <controlfield tag="001">161129</controlfield>
  <controlfield tag="003">ES-MaACL</controlfield>
  <controlfield tag="005">20230906212211.0</controlfield>
  <controlfield tag="008">041019s1889    xx           |||| | ger d</controlfield>
  <datafield tag="040" ind1=" " ind2=" ">
    <subfield code="a">CAM </subfield>
    <subfield code="b">spa </subfield>
    <subfield code="c">CAM</subfield>
  </datafield>
  <datafield tag="100" ind1="1" ind2=" ">
    <subfield code="a">Osann, Alfred.</subfield>
    <subfield code="9">130726</subfield>
  </datafield>
  <datafield tag="245" ind1="1" ind2="0">
    <subfield code="a">3. Beitr&#xE4;ge zur Kenntniss der Eruptivgesteine des Cabo de Gata (Prov. Almeria) / </subfield>
    <subfield code="c">von Herrn A. Osann in Heidelberg.</subfield>
  </datafield>
  <datafield tag="260" ind1=" " ind2=" ">
    <subfield code="a">[S.l. : </subfield>
    <subfield code="b">s.n., </subfield>
    <subfield code="c">s.a.]</subfield>
  </datafield>
  <datafield tag="300" ind1=" " ind2=" ">
    <subfield code="a">P.[297]-311 ; </subfield>
    <subfield code="c">23 cm.</subfield>
  </datafield>
  <datafield tag="500" ind1=" " ind2=" ">
    <subfield code="a">Abruck a. d. Zeitschr. d. Deutsch. geolog. Gesellschaft, Jahrg. 1889.</subfield>
  </datafield>
  <datafield tag="594" ind1=" " ind2=" ">
    <subfield code="a">Tit. tomado de comienzo del texto.</subfield>
  </datafield>
  <datafield tag="650" ind1=" " ind2="4">
    <subfield code="a">Geolog&#xED;a-</subfield>
    <subfield code="z">Almer&#xED;a.</subfield>
    <subfield code="9">144128</subfield>
  </datafield>
  <datafield tag="852" ind1=" " ind2=" ">
    <subfield code="a">ES-MaACL</subfield>
    <subfield code="j">T-1104-F-2 </subfield>
    <subfield code="z">-- Enc. hol. </subfield>
    <subfield code="z">-- Enc. en un vol. facticio</subfield>
  </datafield>
  <datafield tag="999" ind1=" " ind2=" ">
    <subfield code="c">161129</subfield>
    <subfield code="d">161129</subfield>
  </datafield>
  <datafield tag="952" ind1=" " ind2=" ">
    <subfield code="0">0</subfield>
    <subfield code="1">0</subfield>
    <subfield code="4">0</subfield>
    <subfield code="7">0</subfield>
    <subfield code="8">Colecci&#xF3;n_de_folletos</subfield>
    <subfield code="a">ATENEOM</subfield>
    <subfield code="b">ATENEOM</subfield>
    <subfield code="c">DEPOF</subfield>
    <subfield code="d">2008-01-17</subfield>
    <subfield code="e">DON</subfield>
    <subfield code="l">0</subfield>
    <subfield code="o">T-1104-F-2</subfield>
    <subfield code="p">1168768</subfield>
    <subfield code="r">2023-02-23 00:00:00</subfield>
    <subfield code="w">2023-02-23</subfield>
    <subfield code="y">FOLLETOS</subfield>
  </datafield>
</record>
